<?xml version="1.0" encoding="UTF-8"?>
<record
    xmlns:xsi="http://www.w3.org/2001/XMLSchema-instance"
    xsi:schemaLocation="http://www.loc.gov/MARC21/slim http://www.loc.gov/standards/marcxml/schema/MARC21slim.xsd"
    xmlns="http://www.loc.gov/MARC21/slim">

  <leader>04789nam a2200433 a 4500</leader>
  <controlfield tag="003">CHAP</controlfield>
  <controlfield tag="005">20250609125850.0</controlfield>
  <controlfield tag="007">ta</controlfield>
  <controlfield tag="008">250609s2002    mx d   frm    00110 spa d</controlfield>
  <datafield tag="040" ind1=" " ind2=" ">
    <subfield code="c">CHAP</subfield>
    <subfield code="a">mxchpua</subfield>
    <subfield code="e">rda</subfield>
  </datafield>
  <datafield tag="041" ind1="0" ind2=" ">
    <subfield code="a">spa</subfield>
    <subfield code="b">eng</subfield>
  </datafield>
  <datafield tag="090" ind1=" " ind2=" ">
    <subfield code="a">Tesis </subfield>
    <subfield code="b">R63 </subfield>
    <subfield code="c">2002</subfield>
  </datafield>
  <datafield tag="100" ind1="1" ind2=" ">
    <subfield code="a">Rodr&#xED;guez &#xC1;ngeles, Victorina</subfield>
  </datafield>
  <datafield tag="240" ind1="1" ind2="0">
    <subfield code="a">Characterizaction of the adobera cheese elaborated by two methods of fast processing.</subfield>
    <subfield code="l">Espa&#xF1;ol</subfield>
  </datafield>
  <datafield tag="245" ind1="1" ind2="0">
    <subfield code="a">Caracterizaci&#xF3;n del queso adobera elaborado por dos m&#xE9;todos de procesamiento r&#xE1;pido /</subfield>
    <subfield code="c">Victorina Rodr&#xED;guez &#xC1;ngeles</subfield>
  </datafield>
  <datafield tag="264" ind1=" " ind2=" ">
    <subfield code="a">Chapingo, M&#xE9;xico :</subfield>
    <subfield code="b">El autor,</subfield>
    <subfield code="c">2002</subfield>
  </datafield>
  <datafield tag="300" ind1=" " ind2=" ">
    <subfield code="a">87 hojas :</subfield>
    <subfield code="b">gr&#xE1;ficas, diagramas, tablas</subfield>
  </datafield>
  <datafield tag="336" ind1=" " ind2=" ">
    <subfield code="2">rdacontent</subfield>
    <subfield code="a">texto</subfield>
    <subfield code="b">txt</subfield>
  </datafield>
  <datafield tag="337" ind1=" " ind2=" ">
    <subfield code="2">rdamedia</subfield>
    <subfield code="a">no mediado</subfield>
    <subfield code="b">n</subfield>
  </datafield>
  <datafield tag="338" ind1=" " ind2=" ">
    <subfield code="2">rdacarrier</subfield>
    <subfield code="a">volumen</subfield>
    <subfield code="b">nc</subfield>
  </datafield>
  <datafield tag="502" ind1=" " ind2=" ">
    <subfield code="a">Tesis </subfield>
    <subfield code="b">(Ingeniero Agroindustrial) -- </subfield>
    <subfield code="c">UACh. Departamento de Ingenieria Agroindustrial,</subfield>
    <subfield code="d">2002</subfield>
  </datafield>
  <datafield tag="504" ind1=" " ind2=" ">
    <subfield code="a">Bibliograf&#xED;a: hojas 59-62</subfield>
  </datafield>
  <datafield tag="520" ind1="3" ind2=" ">
    <subfield code="a">Los quesos mexicanos genuinos como el adobera han sido escasamente estudiados, debido a ello, es conveniente caracterizarlos, clasificarlos y mejorarlos t&#xE9;cnicamente. Por eso, la presente investigaci&#xF3;n se enfoc&#xF3; al estudio del queso adobera elaborado con leche cruda (tradicional), con leche cruda y un cultivo de inoculaci&#xF3;n directa (Lactoccocus luctis ss. lactis y Luctococcus lactis ss. Cremoris ) y con leche pasteurizada y el mismo cultivo. Este trabajo se orient&#xF3; a caracterizar el queso adobera con base en rasgos composicionales, texturales (m&#xE9;todo instrumental) y sensoriales. Se evaluaron 3 tratamientos, que constituyeron 9 unidades experimentales organizadas siguiendo un dise&#xF1;o completamente al azar. A los productos se les someti&#xF3; a un an&#xE1;lisis sensorial y composicional (humedad, prote&#xED;na, grasa, cenizas, calcio), acidez titulable, pH, &#xE1;rea de fundido y rendimiento. Los resultados mostraron que si hubo diferencias significativas entre los diferentes tratamientos. En tanto, la evaluaci&#xF3;n sensorial (con una prueba de diferencia de control) evidenci&#xF3; que los tres tratamientos mostraron caracter&#xED;sticas similares entre ellos. Asimismo, el an&#xE1;lisis instrumental de perfil de textura, mostr&#xF3; que en dureza los tres tratamientos eran estad&#xED;sticamente diferentes, mientras que en cohesividad y elasticidad eran iguales. Adicionalmente, con el empleo de los cultivos l&#xE1;cticos se acort&#xF3; considerablemente el tiempo de proceso (hasta en un 20 % del original), aunque faltar&#xED;a por investigar el grado de chedarizaci&#xF3;n conveniente en la pasta del queso.&#xA0;--</subfield>
  </datafield>
  <datafield tag="520" ind1="3" ind2=" ">
    <subfield code="a">The genuine Mexican cheeses as the adobera barely has been studied, due to it, are advisable to characterize them, to classify them and to improve them technically. For that reason, the present investigation focused to the study of the adobera cheese elaborated with crude milk (traditional), crude milk and a cuiture of direct inoculation (Lactoccocus lactis ss. lactis and Lactococcus lactis ss. cremoris) and with pasteurized milk and the same culture. This work was oriented to characterize the adobera cheese with base in compositionales, texturales characteristics (instrumental method) and sensorial. Three treatments were evaluated, that constituted 9 experimental units organized completely following a design at random. Products it was put under to them a sensorial and compositional analysis (moisture, protein, fat, ashes, calcium), titleable acidity, pH, area of fused and yield. The results showed that yes there were signiticant differences between the different treatments. In as much, the sensorial evaluation (with a test of control difference) demonstrated that the three treatments showed similar characteristics among them. Also, the instrumental analysis of texture profile, showed that in hardness the three treatments were statisticaly different, whereas in cohesivity and elasticity they were equal. Additionally, with the use of the lactic cultures the time of process was used excessive respect considerably (until in 20 %), although would lack to investigate the degree of advisable chedarization in the paste of the cheese.&#xA0;</subfield>
  </datafield>
  <datafield tag="650" ind1="1" ind2="3">
    <subfield code="a">Queso artesanal</subfield>
    <subfield code="x">Propiedades rheol&#xF3;gicas</subfield>
    <subfield code="2">atg</subfield>
  </datafield>
  <datafield tag="650" ind1="1" ind2="3">
    <subfield code="a">Fabricaci&#xF3;n de queso</subfield>
    <subfield code="x">Leche pasteurizada  </subfield>
    <subfield code="2">atg</subfield>
  </datafield>
  <datafield tag="650" ind1="1" ind2="3">
    <subfield code="a">Fabricaci&#xF3;n de queso</subfield>
    <subfield code="x">Leche cruda</subfield>
    <subfield code="2">atg</subfield>
  </datafield>
  <datafield tag="650" ind1="1" ind2="3">
    <subfield code="a">Artisan cheese</subfield>
    <subfield code="x">Rheological properties</subfield>
    <subfield code="2">atg</subfield>
  </datafield>
  <datafield tag="650" ind1="1" ind2="3">
    <subfield code="a">Cheesemaking</subfield>
    <subfield code="x">Pasteurized milk  </subfield>
    <subfield code="2">atg</subfield>
  </datafield>
  <datafield tag="650" ind1="1" ind2="3">
    <subfield code="a">Cheesemaking</subfield>
    <subfield code="x">Raw milk</subfield>
    <subfield code="2">atg</subfield>
  </datafield>
  <datafield tag="700" ind1="1" ind2=" ">
    <subfield code="a">Villegas de Gante, Abraham Zacarias</subfield>
    <subfield code="e">director</subfield>
  </datafield>
  <datafield tag="700" ind1="1" ind2=" ">
    <subfield code="a">Santos Moreno, Armando</subfield>
    <subfield code="e">asesor</subfield>
  </datafield>
  <datafield tag="700" ind1="1" ind2=" ">
    <subfield code="a">C&#xF3;rdoba &#xC1;ngeles, Rosa Mar&#xED;a</subfield>
    <subfield code="e">asesora</subfield>
  </datafield>
  <datafield tag="901" ind1=" " ind2=" ">
    <subfield code="a">TESIS R63 2002</subfield>
  </datafield>
  <datafield tag="942" ind1=" " ind2=" ">
    <subfield code="c">TESIS</subfield>
    <subfield code="2">Clasificaci&#xF3;n Universidad Aut&#xF3;noma Chapingo</subfield>
  </datafield>
  <datafield tag="999" ind1=" " ind2=" ">
    <subfield code="c">220571</subfield>
    <subfield code="d">220571</subfield>
  </datafield>
  <datafield tag="952" ind1=" " ind2=" ">
    <subfield code="0">0</subfield>
    <subfield code="1">0</subfield>
    <subfield code="2">local</subfield>
    <subfield code="4">0</subfield>
    <subfield code="5">1</subfield>
    <subfield code="7">0</subfield>
    <subfield code="8">TESIS</subfield>
    <subfield code="a">IA_</subfield>
    <subfield code="b">IA_</subfield>
    <subfield code="e">El autor</subfield>
    <subfield code="l">0</subfield>
    <subfield code="o">Tesis R63 2002</subfield>
    <subfield code="p">1101015519</subfield>
    <subfield code="r">2026-02-02 00:00:00</subfield>
    <subfield code="t">Ej. 1</subfield>
    <subfield code="y">TESIS</subfield>
  </datafield>
  <datafield tag="952" ind1=" " ind2=" ">
    <subfield code="0">0</subfield>
    <subfield code="1">0</subfield>
    <subfield code="2">local</subfield>
    <subfield code="4">0</subfield>
    <subfield code="5">5</subfield>
    <subfield code="7">0</subfield>
    <subfield code="8">TESIS</subfield>
    <subfield code="a">IA_</subfield>
    <subfield code="b">IA_</subfield>
    <subfield code="e">El autor</subfield>
    <subfield code="l">0</subfield>
    <subfield code="o">Tesis R63 2002</subfield>
    <subfield code="p">1101015520</subfield>
    <subfield code="r">2026-02-02 00:00:00</subfield>
    <subfield code="t">Ej. 2</subfield>
    <subfield code="y">TESIS</subfield>
  </datafield>
</record>
